| 000 | 00680nam a2200253 a 4500 | ||
|---|---|---|---|
| 001 | BRL_1172 | ||
| 005 | 20190320211051.0 | ||
| 008 | 211113s1975----mx-a######---#000-0#spa-# | ||
| 041 | _aspa | ||
| 044 | _amx | ||
| 050 | 4 |
_aBQ266 _b.T53 1975 |
|
| 100 | 1 |
_aTibón, Gutierre _922612 |
|
| 245 | 1 | 0 |
_aIniciación al Budismo _cGutierre y Juan Manuel Tibón. |
| 250 | _a2a ed. | ||
| 260 |
_aMéxico _bPosada _c1975 |
||
| 300 |
_a157 p. _bil. _c17 cm. |
||
| 440 | 0 |
_aColección Buda Semanal _v112 _926005 |
|
| 500 | _aAu1338 | ||
| 504 | _aBibliografía: p. 147-148 | ||
| 650 | 1 | 4 |
_aBudismo _xHistoria _926006 |
| 700 | 1 |
_aTibón, Juan Manuel _926007 |
|
| 902 | _aGRL | ||
| 942 |
_2lcc _cB |
||
| 999 |
_c9984 _d9984 |
||